| 000 | 00592nas a2200193 a 4500 | ||
|---|---|---|---|
| 999 |
_c457 _d457 |
||
| 001 | 457 | ||
| 003 | CDMR | ||
| 005 | 20181016132524.0 | ||
| 008 | 130130d19922001sp |||||||||||||||||cat|d | ||
| 022 | _a0213-1773 | ||
| 040 |
_aCDMR _bcat _cCPC GIRONA |
||
| 245 | 0 | 0 |
_aCinematògraf _cSocietat Catalana de la Comunicació |
| 260 |
_aBarcelona _bSocietat Catalana de Comunicació _c1995-2001 |
||
| 310 | _aIrregular | ||
| 362 | _a2a època, núm. 1 (1992) - núm. 3 (2001) | ||
| 650 | 0 | 4 |
_94170 _aCinematografia _zCatalunya _xRevistes |
| 710 | 2 |
_994 _aSocietat Catalana de Comunicació |
|
| 856 |
_uhttps://www.raco.cat/index.php/Cinematograf/issue/archive _yDisponible en línia (RACO) |
||
| 856 |
_uhttps://publicacions.iec.cat/PopulaFitxa.do?moduleName=cataleg&subModuleName=cerca_rapida&idCatalogacio=3219 _yDisponible en línia (web) |
||
| 942 |
_cSER _2udc |
||